| Поле | Инд. | ПП | Название | Значение |
|---|---|---|---|---|
| Тип записи | a | |||
| Библиографический уровень | b | |||
| 001 | Контрольный номер | RU/IS/BASE/102693450 | ||
| 005 | Дата корректировки | 20200526074518.2 | ||
| 084 | a | Индекс другой классификации/Индекс ББК | 20.1(5Япо); 65.28(5Япо)-18 | |
| 097 | 00 | a | 750 | |
| 100 | 10 | a | Автор | Кудряшов Н. И. |
| 245 | 00 | a | Заглавие | Решение некоторых экологических проблем в Японии |
| 650 | a | Основная рубрика | экология | |
| a | Основная рубрика | экономика | ||
| a | Основная рубрика | экономика природопользования | ||
| 653 | 00 | a | Ключевые слова | "зеленый" бизнес |
| a | Ключевые слова | "Иточу" | ||
| a | Ключевые слова | автомобильный транспорт | ||
| a | Ключевые слова | агентства по охране окружающей среды | ||
| a | Ключевые слова | загрязнение вод | ||
| a | Ключевые слова | загрязнение воздуха | ||
| a | Ключевые слова | загрязнение космического пространства | ||
| a | Ключевые слова | Институт экообразования | ||
| a | Ключевые слова | охрана окружающей среды | ||
| a | Ключевые слова | охрана природы | ||
| a | Ключевые слова | экологическая политика | ||
| a | Ключевые слова | экологические проблемы | ||
| a | Ключевые слова | экологический туризм | ||
| a | Ключевые слова | экологическое образование | ||
| a | Ключевые слова | Япония | ||
| 773 | 00 | t | Заглавие источника | Экология и промышленность России |
| d | Дата издания источника | 1998 | ||
| g | Прочая информация | № 6. - С. 46 - 48 | ||
| w | Контрольный № источника | RU/IS/BASE/102690963 | ||
| 901 | t | Тип документа | b |